[Event "Fynsmesterskabet 2011"]
[Site "Odense DEN"]
[Date "2011.06.01"]
[Round "1.13"]
[White "Macak,S"]
[Black "Poulsen,I"]
[Result "1-0"]
[WhiteElo "2400"]
[BlackElo "2100"]

1.e4 c5 2.Nf3 Nc6 3.Nc3 e6 4.d4 cxd4 5.Nxd4 Nf6 6.Nxc6 bxc6 7.e5 Nd5 8.Ne4 Qc7
9.f4 Qb6 10.c4 Ne3 11.Qd3 Bb4+ 12.Bd2 d5 13.exd6 f5 14.Nc3 Ng4 15.Nd1 e5
16.Be2 e4 17.Qb3 Bxd2+ 18.Kxd2 Qd4+ 19.Kc2 Qxd6 20.Bxg4 fxg4 21.Ne3 Rb8 22.Qc3 O-O
23.Rad1 Qxf4 24.Rhf1 Qc7 25.Rxf8+ Kxf8 26.Qd4 Qe7 27.Rf1+ Kg8 28.Rf4 Be6
29.Rxe4 Re8 30.Kc3 Qc7 31.Qe5 Qxe5+ 32.Rxe5 Kf7 33.Ra5 Re7 34.Nf5 Rc7 35.Nd4 Bd7
36.b4 g6 37.Ra6 Ke7 38.c5 h5 39.Kc4 h4 40.Ra3 Be6+ 41.Nxe6 Kxe6 42.Re3+ Kf5
43.a4 Kf4 44.Rc3 a6 45.b5 axb5+ 46.axb5 cxb5+ 47.Kxb5 Rb7+ 48.Ka6 Rb2 49.c6 Ra2+
50.Kb6 g3 51.hxg3+ hxg3 52.c7 Rb2+ 53.Kc6  1-0

[Event "3rd Orissa Open"]
[Site "Bhubaneswar IND"]
[Date "2011.06.02"]
[Round "7"]
[White "Prasad,De"]
[Black "Himanshu,Sh"]
[Result "1/2-1/2"]
[WhiteElo "2357"]
[BlackElo "2414"]

1.e4 c5 2.Nf3 e6 3.d4 cxd4 4.Nxd4 Nc6 5.Nc3 Qc7 6.Be2 a6 7.O-O Nf6 8.Be3 Be7
9.f4 d6 10.a4 O-O 11.Kh1 Nd7 12.Bf3 Na5 13.Qe1 Nc4 14.Bc1 Bf6 15.Nde2 Rb8
16.b3 Na5 17.Bd2 Nc6 18.g4 Nd4 19.Nxd4 Bxd4 20.Rd1 Ba7 21.g5 b5 22.axb5 axb5
23.Bg2 b4 24.Na2 Qxc2 25.Nxb4 Qc7 26.Rc1 Bc5 27.Rf3 Rxb4 28.Rh3 Rb5 29.Qh4 h6
30.b4 Qd8 31.bxc5 Rxc5 32.Rd1 Rc4 33.Bc3 e5 34.Rxd6 Rxc3 35.Rxc3 exf4 36.Qxf4 Qa5
37.Qd2 Kh7 38.gxh6 g6 39.h3 Nb8 40.Qd4 Kxh6 41.Rg3 Be6 42.Qf6 Nd7 43.Qe7 Qd8
44.Qxd8 Rxd8 45.Rgd3 Kg7 46.e5 Kf8 47.Bc6 Ke7 48.h4 Bf5 49.Rd2 Nxe5 50.Rxd8 Nxc6
51.Ra8 Ne5 52.Ra7+ Kf6 53.Kg2 Be6 54.Kg3 Ng4 55.Kf4 Nh6 56.Ra5 Nf5 57.Rxf5+ Bxf5
58.Rd6+ Be6 59.Rb6 Kg7 60.Kg5 Bc4  1/2-1/2

[Event "TCh-FRA Top 12 2011"]
[Site "Mulhouse FRA"]
[Date "2011.06.02"]
[Round "8"]
[White "Reinhart,E"]
[Black "Pira,D"]
[Result "0-1"]
[WhiteElo "2357"]
[BlackElo "2403"]

1.e4 c5 2.Nf3 e6 3.d4 cxd4 4.Nxd4 Nc6 5.Nc3 Qc7 6.Be2 a6 7.O-O Nf6 8.Be3 Bb4
9.Na4 O-O 10.Nxc6 bxc6 11.Nb6 Rb8 12.Nxc8 Rfxc8 13.Bxa6 Rf8 14.Bd3 Bd6 15.h3 Be5
16.Rb1 Bxb2 17.Qd2 c5 18.c3 Ba3 19.Bg5 c4 20.Bxf6 gxf6 21.Be2 Qe5 22.Bxc4 Qxe4
23.Bd3 Qh4 24.c4 Bc5 25.a4 f5 26.Rb5 d6 27.Be2 e5 28.a5 Ra8 29.Qd5 Ra7 30.Bd3 e4
31.Be2 Qf6 32.Rfb1 Kg7 33.g3 Re8 34.Kg2 Re5 35.Qc6 f4 36.R1b3 f3+ 37.Bxf3 exf3+
38.Rxf3 Rf5 39.Rbb3 Rxa5 40.Rxf5 Qxf5 41.Rf3 Qg6 42.Rf4 h5 43.Qb7 Ra7 44.Qb2+ Kh7
45.Rh4 Re7 46.Qc3 Re5 47.Qf3 Rf5 48.Rf4 Rxf4 49.Qxf4 Kg7 50.Qf3 Qf6 51.Qe2 Qd4
52.h4 Kg6 53.Kg1 Qe5 54.Qc2+ f5 55.Kf1 Qe4 56.Qa4 Qd3+ 57.Kg2 Qe2  0-1

[Event "TCh-FRA Top 12 2011"]
[Site "Mulhouse FRA"]
[Date "2011.06.02"]
[Round "8"]
[White "Renet,O"]
[Black "Bauer,Ch"]
[Result "1/2-1/2"]
[WhiteElo "2497"]
[BlackElo "2638"]

1.Nf3 c5 2.e4 e6 3.d4 cxd4 4.Nxd4 Nc6 5.Nc3 Qc7 6.g3 a6 7.Bg2 Nf6 8.O-O d6
9.Re1 Bd7 10.Nxc6 bxc6 11.Na4 Rb8 12.c4 c5 13.Nc3 Be7 14.Bf4 e5 15.Bc1 O-O
16.b3 Rfe8  1/2-1/2

[Event "Fynsmesterskabet 2011"]
[Site "Odense DEN"]
[Date "2011.06.02"]
[Round "3.26"]
[White "Johansen,J"]
[Black "Rostgaard,T"]
[Result "0-1"]
[WhiteElo "1986"]
[BlackElo "2207"]

1.e4 c5 2.Nf3 e6 3.d4 cxd4 4.Nxd4 Nc6 5.Nc3 Qc7 6.Be3 a6 7.Be2 Nf6 8.O-O Bb4
9.Nxc6 bxc6 10.f3 O-O 11.Na4 d5 12.Nb6 Rb8 13.Nxc8 Rfxc8 14.Bxa6 Rd8 15.Bd3 Bd6
16.g3 dxe4 17.fxe4 Bxg3 18.Rxf6 Bxh2+ 19.Kh1 gxf6 20.Qh5 Be5 21.Rg1+ Kf8
22.Qh6+ Ke7 23.Rg7 Rg8 24.Bc5+ Bd6 25.e5 Bxc5 26.Qxf6+ Kf8 27.Rxg8+ Kxg8
28.Bxh7+ Kxh7 29.Qh4+ Kg7 30.Qf6+ Kf8 31.Qh8+ Ke7 32.Qf6+ Ke8 33.Qh8+ Kd7  0-1

[Event "IV Sudety Open"]
[Site "Szklarska Poreba POL"]
[Date "2011.06.02"]
[Round "7"]
[White "Wisniowska,K"]
[Black "Grela,K"]
[Result "1-0"]
[WhiteElo "2022"]
[BlackElo "1728"]

1.e4 c5 2.Nf3 e6 3.d4 cxd4 4.Nxd4 Nc6 5.Nc3 Qc7 6.g3 Nf6 7.Bg2 a6 8.O-O Be7
9.Re1 O-O 10.Nxc6 bxc6 11.e5 Nd5 12.Nxd5 cxd5 13.c3 Bb7 14.Qg4 Kh8 15.Bf4 Rac8
16.Rad1 d6 17.Qh5 Qb6 18.Bc1 dxe5 19.Rxe5 f6 20.Re2 Rcd8 21.Rd4 f5 22.Be3 Qc6
23.Bf4 Bc5 24.Rd1 a5 25.Rde1 Rde8 26.b3 Qb6 27.Bh3 g6 28.Qh6 Rf7 29.Be5+ Kg8
30.Qf4 Ba6 31.Rd2 Bc8 32.Bg2 Bd7 33.h4 Be7 34.c4 Bb4 35.Bd4 Qb8 36.Be5 Qc8
37.Rc1 Bxd2 38.Qxd2 Qa6 39.cxd5 exd5 40.Bxd5 Be6 41.Rc6 Qb5 42.Rxe6 Rxe6
43.Bxe6 Qxe5 44.Qd5 Qf6 45.Bxf7+ Qxf7 46.Qxf7+ Kxf7 47.Kf1 Ke6 48.Ke2 Kd5
49.Kd3 h6 50.f4 g5 51.hxg5 hxg5 52.fxg5 Ke6 53.Ke3 Kf7 54.Kf4 Kg6 55.a3 Kh5
56.b4  1-0

[Event "ch-GER w"]
[Site "Bonn GER"]
[Date "2011.06.03"]
[Round "9.1"]
[White "Klek,H"]
[Black "Hoolt,S"]
[Result "0-1"]
[WhiteElo "2147"]
[BlackElo "2312"]

1.e4 c5 2.Nf3 e6 3.d4 cxd4 4.Nxd4 Nc6 5.Nc3 Qc7 6.Be3 a6 7.Qd2 Nf6 8.O-O-O Be7
9.f4 b5 10.Bd3 b4 11.Na4 Rb8 12.b3 Bb7 13.Rhe1 O-O 14.Nf3 d6 15.Kb1 e5 16.Bb6 Qc8
17.Bf2 exf4 18.Qxf4 Nd7 19.Bc4 Nce5 20.Bd5 Bxd5 21.Rxd5 Qc7 22.Rc1 Nf6 23.Rdd1 Ng6
24.Qe3 Ng4 25.Qd2 Nxf2 26.Qxf2 Bf6 27.Qd2 Rfd8 28.g3 Ne7 29.Nd4 d5 30.e5 Qxe5
31.Re1 Qc7 32.c3 bxc3 33.Nxc3 Qd7 34.Qd3 a5 35.Nce2 a4 36.Rc3 axb3 37.Rxb3 Ng6
38.Rc1 Ne5 39.Qd1 Nc4 40.Rc3 Qa4 41.Qd3 Rxb3+ 42.Rxb3 Ra8  0-1

[Event "FSGM June"]
[Site "Budapest HUN"]
[Date "2011.06.04"]
[Round "1"]
[White "Mihok,O"]
[Black "Zwahr,P"]
[Result "1-0"]
[WhiteElo "2454"]
[BlackElo "2340"]

1.e4 c5 2.Nf3 e6 3.d4 cxd4 4.Nxd4 Nc6 5.Nc3 Qc7 6.Be3 a6 7.Be2 Nf6 8.a3 Ne5
9.f4 Nc4 10.Bxc4 Qxc4 11.Qf3 Bc5 12.Nb3 Bxe3 13.Qxe3 d5 14.e5 Nd7 15.O-O-O Qc7
16.Rhe1 Nb6 17.Nd4 Bd7 18.f5 O-O-O 19.fxe6 Bxe6 20.Qg3 Rhg8 21.b3 Kb8 22.Nce2 Rc8
23.Rd3 Nd7 24.Re3 Qb6 25.Rd1 Rc7 26.Nc3 Rgc8 27.Na4 Qa7 28.Kb2 g6 29.Rd2 b5
30.Nc3 Nc5 31.Nde2 Qb6 32.Qf4 a5 33.Qd4 b4 34.axb4 axb4 35.Na2 Rb7 36.Nf4 Qa5
37.Nd3 Qa3+ 38.Kb1 Ne4 39.Ndxb4 Nxd2+ 40.Qxd2 Rc5 41.Qd4 Rcb5 42.Nc6+ Kc7
43.b4 Qa4 44.Rc3 Kd7 45.Qh4 g5 46.Qxg5 Rxb4+ 47.Naxb4 Rxb4+ 48.Nxb4 d4 49.Rd3 Qxb4+
50.Kc1 Qe1+ 51.Rd1 Qc3 52.Qg3 Qa1+ 53.Kd2 Qb2 54.Ke1 Qxc2 55.Rxd4+ Kc7 56.Rd2 Qb1+
57.Kf2 Qf5+ 58.Ke3 Qb1 59.Qh4 Qg1+ 60.Kf3 Qf1+ 61.Qf2 Qb5 62.Rc2+ Kd7 63.Qd4+ Bd5+
64.Kf2 Ke6 65.Rb2 Qa5 66.Rb6+ Ke7 67.Qb4+ Qxb4 68.Rxb4 Ke6 69.Rh4 Kxe5 70.Rxh7 Kf6
71.g3 Be4 72.Rh4 Bb1 73.Ke3 Bc2 74.Rc4 Bb1 75.Kf4 Bd3 76.Rc6+ Kg7 77.Kg5 Bb1
78.Rc7 Ba2 79.h4 Kh7 80.Kf6  1-0

[Event "Mayor's Cup of Good Wine"]
[Site "Hustopece CZE"]
[Date "2011.06.04"]
[Round "6"]
[White "Movsesian,S"]
[Black "Laznicka,V"]
[Result "1-0"]
[WhiteElo "2705"]
[BlackElo "2681"]

1.e4 c5 2.Nf3 e6 3.d4 cxd4 4.Nxd4 Nc6 5.Nc3 a6 6.Nb3 Nf6 7.Bd3 d5 8.exd5 exd5
9.O-O Be7 10.Bg5 O-O 11.Bxf6 Bxf6 12.Nxd5 Bxb2 13.Rb1 Be5 14.c4 g6 15.Re1 Bg7
16.Be4 a5 17.Nc5 Ra7 18.Na4 Re8 19.Nab6 Be6 20.Qa4 Qb8 21.g3 Nb4 22.a3 Na6
23.Qb5 Rd8 24.Rbd1 a4 25.Bf3 Nc7 26.Qc5 Bxd5 27.cxd5 Bf8 28.Qe3 Ra6 29.Rb1 Ne8
30.Be2 Ra5 31.Bb5 Nd6 32.Nd7 Qa7 33.Qg5 Rc8 34.Nf6+ Kh8 35.Bd3 Qd4 36.Rbd1 h6
37.Qd2 b6 38.Nd7 Bg7 39.Qa2 Qb2 40.Qxb2 Bxb2 41.Nxb6 Rd8 42.Bc2 Bxa3 43.Nxa4 Rc8
44.Bb3 Rb8 45.Rd3 Kg7 46.Ra1 Bb4 47.Rc1 Ba3 48.Rc6 h5 49.h4 Rb7 50.Bc2 Rb8
51.Nc3 Rba8 52.Ne2 Rb8 53.Nd4 Rba8 54.Rc7 Kg8 55.Nc6 R5a6 56.Ne7+ Kf8 57.Nc6 R6a7
58.Rxa7 Rxa7 59.Nxa7 Bc5 60.Nc6 Kg7 61.Rc3 Bb6 62.Kg2 Bc7 63.f4 Bb6 64.Ne5 Ba5
65.Rc6 Bb4 66.Nc4 Ba3 67.Nxd6 Bb4 68.Ne4 Ba3 69.d6 Bb4 70.d7 Ba5 71.Rc8 Bd8
72.Nd6 Kf6 73.Rxd8  1-0

[Event "TCh-FRA Top 12 2011"]
[Site "Mulhouse FRA"]
[Date "2011.06.04"]
[Round "10"]
[White "Riff,JN"]
[Black "Nataf,IA"]
[Result "1/2-1/2"]
[WhiteElo "2502"]
[BlackElo "2541"]

1.e4 c5 2.Nf3 e6 3.Nc3 Nc6 4.d4 cxd4 5.Nxd4 Nf6 6.Be2 Bb4 7.O-O Bxc3 8.bxc3 Nxe4
9.Qd3 d5 10.Ba3 Qa5 11.Nb5 a6 12.Nd6+ Nxd6 13.Bxd6 Ne7 14.c4 Nf5 15.Bf4 dxc4
16.Qxc4 Bd7 17.Bd3 O-O 18.Bc7 Qa4 19.Qxa4 Bxa4 20.Bxf5 exf5 21.c3 Rac8 22.Be5 Rfd8
23.Bd4 f6 24.f3 b5 25.a3 Kf7 26.Kf2 f4 27.Rfe1 Rd7 28.Re2 Bb3 29.Rb2 Bc4
30.Re1 a5 31.Re4 g5 32.g3 fxg3+ 33.Kxg3 a4 34.f4 gxf4+ 35.Rxf4 Rg8+ 36.Kf2 Rg6
37.Rb1 Re7 38.Re1 Rxe1 39.Kxe1 Ke6 40.Rh4 Kd5 41.Kf2 f5 42.Be3 Rg7 43.Rd4+ Ke6
44.Rh4 Bd3 45.Rd4 Be4 46.Rd2 Rg4 47.Kf1 f4 48.Bf2 Bd5 49.Re2+ Kf5 50.Re7 Bc4+
51.Ke1 Rg6 52.Rxh7 Re6+ 53.Kd1 Re2 54.Bc5 f3 55.Rh8 Bb3+ 56.Kc1 Kg6 57.Rf8 Bf7
58.Kd1 Rxh2 59.Ke1 Re2+ 60.Kf1 Kg7 61.Rd8 Be6 62.Bf2 Ra2 63.Kg1 Rxa3 64.Kh2 Kg6
65.Bd4 Rb3 66.Kg3 a3 67.Ra8 Kf5 68.Bc5 Rxc3 69.Bxa3 Bd5 70.Ra5 Bc6 71.Bd6 Rc2
72.Ra1 Rg2+ 73.Kh3 Ke4 74.Bg3 Bd7+ 75.Kh4 f2 76.Rb1 Be6 77.Bxf2 Kf4 78.Be3+ Kxe3
79.Rxb5 Bd5  1/2-1/2

[Event "TCh-BIH 2011"]
[Site "Neum BIH"]
[Date "2011.06.04"]
[Round "1.2"]
[White "Runic,Z"]
[Black "Predojevic,B"]
[Result "0-1"]
[WhiteElo "2403"]
[BlackElo "2617"]

1.e4 c5 2.Nf3 Nc6 3.d4 cxd4 4.Nxd4 e6 5.Nc3 a6 6.Be3 Nf6 7.a3 Qc7 8.f4 d6
9.Qf3 Bd7 10.Bd3 Rc8 11.O-O Be7 12.Rae1 b5 13.Kh1 h5 14.Bg1 h4 15.Nce2 g6
16.h3 e5 17.Nxc6 Bxc6 18.Bh2 O-O 19.Nc3 exf4 20.Qxf4 Nh5 21.Qg4 Bd7 22.Qe2 Be6
23.Nd5 Bxd5 24.exd5 Bf6 25.Qg4 Bxb2 26.Qxh4 Rce8 27.g4 Ng7 28.Qf2 Rxe1 29.Rxe1 Re8
30.Rf1 Be5 31.h4 Bxh2 32.Kxh2 Re5 33.Qf6 Ne8 34.Qf4 Qe7 35.h5 gxh5 36.Rf3 Rxd5
37.Qh6 Qe5+ 38.Rg3 Ng7 39.Kg2 Rxd3 40.cxd3 Qe2+ 41.Kh3 hxg4+ 42.Rxg4 Qf3+
43.Kh4 Qh1+ 44.Kg5 Qc1+  0-1

[Event "29th Liechtenstein Open"]
[Site "Triesen LIE"]
[Date "2011.06.04"]
[Round "9.15"]
[White "Raddatz,M"]
[Black "Partenheimer,A"]
[Result "0-1"]
[WhiteElo "2046"]
[BlackElo "2200"]

1.e4 c5 2.Nf3 e6 3.d4 cxd4 4.Nxd4 Nc6 5.Nc3 Qc7 6.g3 a6 7.a3 d6 8.Bg2 Bd7
9.O-O Nf6 10.Be3 Be7 11.Qe2 O-O 12.Nxc6 Bxc6 13.Rad1 b5 14.Rd2 Qb7 15.Bg5 a5
16.Bxf6 gxf6 17.Re1 Rfe8 18.Qg4+ Kh8 19.Qh5 Bf8 20.Qh4 b4 21.Ne2 f5 22.Nd4 Bxe4
23.Rxe4 bxa3 24.Nxf5 Qxb2 25.Red4 exf5 26.Rd1 Rab8 27.Bd5 Bg7 28.Bxf7 a2
29.Ra4 Qxc2 30.Rdd4 Re1+ 31.Kg2 a1=Q 32.Rxa1 Rxa1 33.Rxd6 Qe4+  0-1

[Event "38th OKU 2011"]
[Site "Utrecht NED"]
[Date "2011.06.04"]
[Round "2"]
[White "Smits,Mar"]
[Black "Ootes,La"]
[Result "1-0"]
[WhiteElo "2176"]
[BlackElo "2358"]

1.e4 c5 2.Nf3 e6 3.d4 cxd4 4.Nxd4 Nc6 5.Nc3 Qc7 6.f4 a6 7.Nxc6 bxc6 8.e5 f5
9.Be2 g5 10.Bh5+ Kd8 11.O-O Bg7 12.Qe1 Ne7 13.Na4 Bf8 14.fxg5 Bg7 15.Bf4 Nd5
16.g3 Rb8 17.c4 Nxf4 18.gxf4 c5 19.b3 Bf8 20.Rd1 h6 21.g6 Bb7 22.Qh4+ Be7
23.g7 Rg8 24.Qg3 Kc8 25.Qg6 Qd8 26.Rxd7 Kxd7 27.Rd1+ Kc7 28.Rxd8 Rbxd8 29.Qf7 Kd7
30.Nxc5+ Kc6 31.Qxe7  1-0

[Event "38th OKU 2011"]
[Site "Utrecht NED"]
[Date "2011.06.04"]
[Round "4.15"]
[White "Pauw,M"]
[Black "Gouma,R"]
[Result "1-0"]
[WhiteElo "2068"]
[BlackElo "1927"]

1.e4 c5 2.Nc3 e6 3.Nge2 Nc6 4.d4 cxd4 5.Nxd4 Nf6 6.Ndb5 d6 7.Bf4 e5 8.Bg5 a6
9.Na3 b5 10.Nd5 Be7 11.Bxf6 Bxf6 12.c4 b4 13.Nc2 a5 14.Be2 O-O 15.O-O Bg5
16.Qd3 Be6 17.Rfd1 g6 18.b3 f5 19.Bf3 f4 20.Qe2 h5 21.Rd3 Ra7 22.c5 dxc5
23.Nxf4 Qf6 24.Nxe6 Qxe6 25.Rd5 Nd4 26.Nxd4 cxd4 27.Qc4 Bf6 28.a3 bxa3 29.Rxa3 Ra6
30.Be2 Rb6 31.Raxa5 Qf7 32.Rd7  1-0

[Event "FSFMA June"]
[Site "Budapest HUN"]
[Date "2011.06.05"]
[Round "2"]
[White "Darazs,Z"]
[Black "Ritter,G"]
[Result "1/2-1/2"]
[WhiteElo "2203"]
[BlackElo "2083"]

1.e4 c5 2.Nf3 e6 3.d4 cxd4 4.Nxd4 Nc6 5.Nc3 Qc7 6.Be3 a6 7.Be2 Nf6 8.O-O Be7
9.f4 d6 10.Kh1 O-O 11.Qe1 Nxd4 12.Bxd4 b5  1/2-1/2

[Event "TCh-SLO"]
[Site "Maribor SLO"]
[Date "2011.06.05"]
[Round "6"]
[White "Kavcic,Z"]
[Black "Gjuran,D"]
[Result "1/2-1/2"]
[WhiteElo "2291"]
[BlackElo "2351"]

1.e4 c5 2.Nf3 e6 3.d4 cxd4 4.Nxd4 Nc6 5.Nc3 a6 6.Be2 Qc7 7.O-O Nf6 8.Be3 Be7
9.f4 d6 10.a4 O-O 11.Nb3 b6 12.Bf3 Bb7 13.Qe2 Rfe8 14.g4 Nd7 15.g5 Bf8 16.Rae1 Nc5
17.Nd4 Nxd4 18.Bxd4 e5 19.fxe5 dxe5 20.Be3 Bd6 21.Qc4 Ne6 22.Qxc7 Bxc7 23.Nd5 Bd8
24.h4 Rc8 25.c3 Bc6 26.b3 b5 27.axb5 axb5 28.Ra1 Be7 29.Ra7 Bxd5 30.exd5 Nf4
31.Bg4 Rxc3 32.Rxe7 Rxe7 33.d6 Re8 34.d7 Rd8 35.Bb6 Rg3+ 36.Kh1 Rxg4 37.Bxd8 Rxh4+
38.Kg1 Rg4+ 39.Kh1 Rh4+ 40.Kg1 Rg4+ 41.Kh1 Rh4+  1/2-1/2

[Event "TCh-BIH 2011"]
[Site "Neum BIH"]
[Date "2011.06.05"]
[Round "2.2"]
[White "Brkic,A"]
[Black "Tesic,D"]
[Result "1-0"]
[WhiteElo "2588"]
[BlackElo "2390"]

1.e4 c5 2.Nf3 e6 3.d4 cxd4 4.Nxd4 Nc6 5.Nc3 a6 6.Be2 Qc7 7.Be3 Nf6 8.O-O Bb4
9.Nxc6 bxc6 10.Qd4 Bd6 11.f4 e5 12.Qd2 exf4 13.Bxf4 Bxf4 14.Rxf4 d6 15.Rd1 Ke7
16.Qe3 Be6 17.e5 Ne8 18.exd6+ Nxd6 19.Bg4 Rhd8 20.Bxe6 fxe6 21.Qe5 Rg8 22.Ne4  1-0

[Event "Fynsmesterskabet 2011"]
[Site "Odense DEN"]
[Date "2011.06.05"]
[Round "8"]
[White "Macak,S"]
[Black "Vaarala,E"]
[Result "0-1"]
[WhiteElo "2400"]
[BlackElo "2189"]

1.e4 c5 2.Nf3 Nc6 3.Nc3 e6 4.d4 cxd4 5.Nxd4 Nf6 6.Nxc6 bxc6 7.e5 Nd5 8.Ne4 Qc7
9.f4 Qa5+ 10.c3 f5 11.Nf2 Qb6 12.Bd3 Bc5 13.Qh5+ g6 14.Qf3 Ba6 15.O-O Bxd3
16.Qxd3 a5 17.g3 h6 18.Kg2 g5 19.c4 Ne3+ 20.Bxe3 Bxe3 21.Rad1 Ra7 22.Ng4 fxg4
23.b4 axb4 24.Qg6+ Kd8 25.Qf6+ Kc7 26.Qxh8 Rxa2+ 27.Kh1 c5 28.Rxd7+ Kxd7
29.Qg7+ Kc8 30.Qf8+ Kb7 31.Qe7+ Ka6  0-1

[Event "Fynsmesterskabet 2011"]
[Site "Odense DEN"]
[Date "2011.06.05"]
[Round "9"]
[White "Hagen,Andr"]
[Black "Brunello,S"]
[Result "1/2-1/2"]
[WhiteElo "2346"]
[BlackElo "2537"]

1.e4 c5 2.Nf3 e6 3.d4 cxd4 4.Nxd4 Nc6 5.Nc3 Qc7 6.Be3 a6 7.Qd2 Nf6 8.O-O-O Be7
9.f3 O-O 10.g4 b5 11.g5 Nh5 12.Kb1 Nxd4 13.Bxd4 Bb7 14.Bd3 Nf4 15.h4 Nxd3
16.Qxd3 b4 17.Ne2 a5 18.h5 Ba6 19.Qd2 Bxe2 20.Qxe2 Bxg5 21.Rdg1 f6 22.e5 Rac8
23.f4 Bxf4 24.exf6 Bh6 25.Rg4 Qc4 26.Qg2 Rf7 27.Be3 Qxg4 28.Qxg4 Bxe3 29.fxg7 Rxg7
30.Qf3 Bc5 31.h6 Rf7 32.Qg2+ Kh8 33.c3 bxc3 34.bxc3 Rb8+ 35.Ka1 Rbf8 36.Qg5 d6
37.Re1 Rg8 38.Qh5 Rf5 39.Qh3 a4 40.Kb1 Rf2 41.Qxe6 Ba3 42.Qe8 Rh2 43.Re2 Rxh6
44.Qxa4 Rb8+ 45.Kc2 Rb2+ 46.Kd3 Rh3+ 47.Re3 Rxe3+ 48.Kxe3 Bc5+ 49.Kd3 Rf2
50.Qe8+ Kg7 51.a4 Rf7 52.a5 h5 53.Qe2 Kg6 54.Qe6+ Kg7 55.a6 Ra7 56.Qc8 Kf6
57.Ke4 Re7+ 58.Kf4 Be3+ 59.Kf3 Bc5 60.Qf8+ Rf7 61.Qh6+ Ke7+ 62.Ke4 Kd8 63.Qxh5 Ra7
64.Kd5 Rxa6 65.Qf7 Rb6 66.Ke6 Kc8 67.Qd7+ Kb8 68.Qa4 Rb7 69.Qa6 Rb6 70.Qa4  1/2-1/2

[Event "3rd Orissa Open"]
[Site "Bhubaneswar IND"]
[Date "2011.06.06"]
[Round "11"]
[White "Phadke,So1"]
[Black "Himanshu,Sh"]
[Result "0-1"]
[WhiteElo "2240"]
[BlackElo "2414"]

1.e4 c5 2.Nf3 e6 3.d4 cxd4 4.Nxd4 Nc6 5.Nc3 d6 6.Be3 Nf6 7.Bc4 a6 8.Bb3 Qc7
9.Qe2 Na5 10.f4 Be7 11.g4 h6 12.g5 hxg5 13.fxg5 Nh5 14.O-O-O g6 15.Kb1 b5
16.Rhf1 Nxb3 17.axb3 Qb7 18.Nf3 Bd7 19.Bd4 Rh7 20.Rde1 b4 21.Na2 Bb5 22.Qd2 Bxf1
23.Rxf1 a5 24.Re1 Qb5 25.Be3 Ng7 26.Nd4 Qb7 27.Qf2 e5 28.Rf1 Nh5  0-1

[Event "3rd Orissa Open"]
[Site "Bhubaneswar IND"]
[Date "2011.06.06"]
[Round "11"]
[White "Konguvel,P"]
[Black "Patil,Pr2"]
[Result "1-0"]
[WhiteElo "2402"]
[BlackElo "2097"]

1.e4 c5 2.Nf3 e6 3.d4 cxd4 4.Nxd4 Nc6 5.Nc3 Qc7 6.Be3 a6 7.Qd2 Nf6 8.O-O-O Bb4
9.f3 Ne5 10.Nb3 b5 11.Qe1 Be7 12.f4 Ng6 13.e5 Ng4 14.Ne4 Nxe3 15.Qxe3 Bb7
16.Nd6+ Bxd6 17.exd6 Qc6 18.f5 Nh4 19.fxe6 fxe6 20.Na5 Nf5 21.Qg5 Qb6 22.Nxb7 Qxb7
23.g4 Nxd6 24.Qxg7 O-O-O 25.Qc3+ Kb8 26.Qg3 Ka8 27.Bg2 Ne4 28.Qd3 d5 29.Bxe4 dxe4
30.Qxd8+ Rxd8 31.Rxd8+ Ka7 32.Rhd1 Kb6  1-0

[Event "Portuguese Masters"]
[Site "Vila Nova de Gaia POR"]
[Date "2011.06.06"]
[Round "2.4"]
[White "Pintor,Ar"]
[Black "Santos,AntonioP"]
[Result "0-1"]
[WhiteElo "2119"]
[BlackElo "2344"]

1.e4 c5 2.Nf3 e6 3.Nc3 Nc6 4.d4 cxd4 5.Nxd4 Qc7 6.g3 a6 7.Bg2 d6 8.O-O Bd7
9.a4 Nf6 10.Kh1 Be7 11.f4 O-O 12.Nxc6 Bxc6 13.g4 d5 14.e5 Nd7 15.Be3 b5 16.Bd4 Rfc8
17.axb5 axb5 18.Qe2 Qb7 19.f5 b4 20.Rxa8 Rxa8 21.Nd1 Bb5 22.c4 bxc3 23.Qf2 Bxf1
24.Bxf1 cxb2 25.Nxb2 Ra2  0-1

[Event "Zonal 3.4 Men"]
[Site "Tashkent UZB"]
[Date "2011.06.09"]
[Round "2.6"]
[White "Djuraev,S"]
[Black "Ismagambetov,An"]
[Result "0-1"]
[WhiteElo "2374"]
[BlackElo "2500"]

1.e4 c5 2.Nf3 Nc6 3.d4 cxd4 4.Nxd4 e6 5.Nc3 Qc7 6.Be2 Nf6 7.O-O Be7 8.Be3 a6
9.f4 d6 10.Kh1 O-O 11.Qe1 Bd7 12.Qg3 Kh8 13.Bd3 Nb4 14.Nf3 b5 15.e5 Ne8 16.exd6 Nxd6
17.Bd4 f6 18.Nh4 Nxd3 19.cxd3 Qd8 20.Rfe1 Rc8 21.Rac1 b4 22.Ne4 Nxe4 23.dxe4 Qa5
24.Rxc8 Rxc8 25.f5 Kg8 26.e5 Qd8 27.Qb3 fxe5 28.fxe6 Bc6 29.Bf2 Bd5 30.Qh3 Rc2
31.Bg3 Bxh4 32.Bxh4 Rxg2  0-1

[Event "Zonal 3.4 Men"]
[Site "Tashkent UZB"]
[Date "2011.06.09"]
[Round "2.8"]
[White "Alikulov,Elbek"]
[Black "Faizulaev,A"]
[Result "1-0"]
[WhiteElo "2265"]
[BlackElo "2341"]

1.e4 c5 2.Nf3 Nc6 3.d4 cxd4 4.Nxd4 e6 5.Nc3 Qc7 6.Be3 Nf6 7.Qd2 a6 8.O-O-O Bb4
9.f3 b5 10.Kb1 Ne5 11.Ncxb5 Qa5 12.Nd6+ Ke7 13.c3 Bxd6 14.Nf5+ exf5 15.Qxd6+ Ke8
16.Bb6 Qa4 17.Qxe5+ Kf8 18.b3  1-0

[Event "20th ICSC TCh-EUR Club"]
[Site "Liverpool ENG"]
[Date "2011.06.11"]
[Round "5"]
[White "Patackas,J"]
[Black "Orsag,Mil1"]
[Result "1-0"]
[WhiteElo "2006"]
[BlackElo "2409"]

1.e4 c5 2.Nc3 Nc6 3.Nf3 e6 4.d4 cxd4 5.Nxd4 d6 6.Be3 Nf6 7.Be2 Be7 8.O-O O-O
9.Qd2 a6 10.Nxc6 bxc6 11.f4 Qc7 12.Rad1 c5 13.Bf3 Rb8 14.b3 Bb7 15.g4 d5
16.exd5 exd5 17.Nxd5 Bxd5 18.Bxd5 Nxg4 19.h3 Nxe3 20.Qxe3 Bf6 21.Kg2 Rfe8
22.Qf3 Qa5 23.a4 Re7 24.Bc4 Bd4 25.Qd5 Rbe8 26.Rxd4  1-0

[Event "Teplice Open"]
[Site "Teplice CZE"]
[Date "2011.06.11"]
[Round "1"]
[White "Collins,S IRL"]
[Black "Valenta,P"]
[Result "1-0"]
[WhiteElo "2448"]
[BlackElo "1930"]

1.e4 c5 2.Nc3 e6 3.Nf3 Nc6 4.d4 cxd4 5.Nxd4 a6 6.g3 Nf6 7.Bg2 Qc7 8.O-O Nxd4
9.Qxd4 Bc5 10.Bf4 d6 11.Qd3 Bd7 12.Rad1 Ke7 13.a3 a5 14.Qe2 Ra6 15.e5 dxe5
16.Bxe5 Bd6 17.Bxf6+ Kxf6 18.Rfe1 Bc6 19.Bxc6 Rxc6 20.Rxd6 Rxd6 21.Qe5+ Kg6
22.Ne4 f6 23.Qxd6 Qxc2 24.Qxe6 h5 25.Nd6 Qc5 26.Qe4+ f5 27.Qe6+ Kh7 28.Nf7 Rf8
29.Ng5+ Kh8 30.Qg6  1-0

[Event "Teplice Open"]
[Site "Teplice CZE"]
[Date "2011.06.11"]
[Round "1"]
[White "Kastl,Daniel"]
[Black "Stastny,Pe"]
[Result "0-1"]
[WhiteElo "1639"]
[BlackElo "2087"]

1.e4 c5 2.Nf3 Nc6 3.d4 cxd4 4.Nxd4 e6 5.Nc3 a6 6.Bc4 Nf6 7.O-O b5 8.Nxc6 dxc6
9.Qxd8+ Kxd8 10.Rd1+ Ke8 11.Bb3 c5 12.a3 c4 13.Ba2 Bb7 14.f3 Bc5+ 15.Kf1 h6
16.Ke2 Rc8 17.Be3 Ke7 18.Rd2 g5 19.h3 Bd6 20.Bd4 Bf4 21.Be3 Nh5 22.Bxf4 Nxf4+
23.Kf2 h5 24.Rad1 Rc7 25.Ne2 Ng6 26.b3 Ne5 27.bxc4 bxc4 28.c3 Bc6 29.Nd4 Rb8
30.Rb1 Rxb1 31.Bxb1 Ba4 32.Bc2 Bxc2 33.Rxc2 Rb7 34.Ke3 Rb1 35.Rd2 Re1+ 36.Kf2 Rc1
37.Nc2 Nd3+ 38.Kg3 Kf6 39.h4 gxh4+ 40.Kxh4 Rh1+ 41.Kg3 Kg5 42.f4+ Nxf4 43.Rf2 h4+
44.Kf3 Rd1 45.Ne3 Rd3 46.Rc2 f5 47.a4 fxe4+ 48.Kxe4 Nd5 49.Nxc4 Rxc3 50.Rxc3 Nxc3+
51.Ke5 Nxa4 52.Kxe6 Kf4 53.Kd5 Nc3+ 54.Kc5 Nd1 55.Kb6 Kg3 56.Nd6 Kxg2 57.Nf5 h3
58.Nh4+ Kf2  0-1

[Event "ODEM U25-A"]
[Site "Oberhof GER"]
[Date "2011.06.12"]
[Round "2.1"]
[White "Planner,Joerg"]
[Black "Figura,A"]
[Result "0-1"]
[WhiteElo "1844"]
[BlackElo "2364"]

1.e4 c5 2.Nc3 e6 3.Nf3 Nc6 4.d4 cxd4 5.Nxd4 Qc7 6.g3 a6 7.Bg2 d6 8.Nxc6 bxc6
9.O-O Nf6 10.Re1 e5 11.b3 Be7 12.Na4 O-O 13.c4 Be6 14.h3 Rad8 15.Be3 Nd7
16.Qf3 Rc8 17.g4 h6 18.Kh2 Bg5 19.Bf1 a5 20.Rac1 Rfd8 21.Nc3 Bxe3 22.Qxe3 Nc5
23.Ne2 Qe7 24.Ng3 Rb8 25.f4 exf4 26.Qxf4 a4 27.Nf5 Bxf5 28.exf5 Qf6 29.bxa4 Rb2+
30.Bg2 Nd3 31.Qe4 Nxc1 32.Rxc1 d5 33.cxd5 cxd5 34.Qd3 Rxa2 35.Qb5 Qd4 36.Re1 Rxa4
37.Re8+ Rxe8 38.Qxe8+ Kh7 39.Qb8 Ra2 40.f6 Qf2  0-1

[Event "Integra NSW Open"]
[Site "Parramatta AUS"]
[Date "2011.06.12"]
[Round "4"]
[White "Lane,G"]
[Black "Papantoniou,J"]
[Result "1/2-1/2"]
[WhiteElo "2366"]
[BlackElo "2048"]

1.e4 c5 2.Nf3 e6 3.d4 cxd4 4.Nxd4 Nc6 5.Nc3 Qc7 6.f4 a6 7.Nxc6 Qxc6 8.Bd3 Nf6
9.Qe2 Bb4 10.Bd2 d5 11.e5 Nd7 12.Qg4 g6 13.a3 Be7 14.O-O Nc5 15.b4 Nxd3 16.cxd3 O-O
17.Rac1 Qb6+ 18.Kh1 Qd8 19.Qf3 f5 20.exf6 Bxf6 21.Na4 Bd7 22.Nc5 b6 23.Nxd7 Qxd7
24.Qe3 Qd6 25.Rfe1 Rfe8 26.d4 Rac8 27.Qd3 Rc4 28.Rxc4 dxc4 29.Qxc4 Qxd4 30.Qc6 Re7
31.Bc1 Kf7 32.Qc2 Qc3 33.Qe2 b5 34.Be3 Qc4 35.Qf3 Qd5 36.Qh3 h5 37.Bc5 Rd7
38.Qe3 Qf5 39.Qf3 Qd5 40.Qe2 Qc4 41.Qf3 Qd5 42.Qe2  1/2-1/2

[Event "Voronezh Master Open"]
[Site "Voronezh RUS"]
[Date "2011.06.12"]
[Round "1.33"]
[White "Petrov,Ar"]
[Black "Khanin,S"]
[Result "1-0"]
[WhiteElo "2381"]
[BlackElo "2092"]

1.e4 c5 2.Nf3 e6 3.d4 cxd4 4.Nxd4 Nc6 5.Nc3 Qc7 6.Nb3 Nf6 7.Bd3 a6 8.O-O b5
9.f4 d6 10.Qf3 Bb7 11.Bd2 Be7 12.Rae1 b4 13.Ne2 d5 14.e5 Ne4 15.Be3 Na5 16.Nxa5 Qxa5
17.Nd4 Bc5 18.Nb3 Qb6 19.Nxc5 Nxc5 20.Qf2 Nxd3 21.cxd3 Qb5 22.f5 exf5 23.Qxf5 O-O
24.e6 fxe6 25.Qxe6+ Kh8 26.Bd4 Qxd3 27.Qe5 Rg8 28.Rf7 Bc6 29.Rxg7 Qxd4+ 30.Qxd4 Rxg7
31.Re7 Rg8 32.h4 Bb5 33.h5 h6 34.Qf6 Kh7 35.Qg6+  1-0

[Event "Voronezh Master Open"]
[Site "Voronezh RUS"]
[Date "2011.06.12"]
[Round "1.7"]
[White "Kokarev,Dm"]
[Black "Demianjuk,A"]
[Result "1-0"]
[WhiteElo "2569"]
[BlackElo "2312"]

1.e4 c5 2.Nf3 e6 3.d4 cxd4 4.Nxd4 Nc6 5.Nc3 Qc7 6.Be3 a6 7.Qd2 Nf6 8.O-O-O Be7
9.f3 O-O 10.g4 b5 11.g5 Nh5 12.Nce2 Rd8 13.Ng3 Nxd4 14.Qxd4 Nf4 15.Kb1 Bb7
16.Bxf4 Qxf4 17.Nh5 e5 18.Qf2 Qxg5 19.Nxg7 Kh8 20.Nf5 Qf6 21.Bd3 Rac8 22.Nxe7 Qxe7
23.Rhg1 Qf6 24.Qa7 Qc6 25.Rg5 f6 26.Rg3 Rg8 27.Qe3 Qe6 28.Rdg1 Rxg3 29.hxg3 Rg8
30.Qa7 Qc6 31.g4 Rg5 32.Rh1 Qc7 33.a4 Qc6 34.axb5 axb5 35.Qa5 Ba6 36.b3 Rg8
37.Kb2 Rb8 38.Rh6 Kg7 39.g5 Qb6 40.Qb4 Qd4+ 41.Qxd4 exd4 42.e5  1-0